LEADER 02233oam 2200613I 450 001 9910786150403321 005 20230617031921.0 010 $a1-136-07586-0 010 $a1-283-96963-7 010 $a0-203-61940-4 010 $a1-136-07578-X 024 7 $a10.4324/9780203619407 035 $a(CKB)2670000000330955 035 $a(EBL)1112509 035 $a(OCoLC)829461763 035 $a(SSID)ssj0000820283 035 $a(PQKBManifestationID)11459510 035 $a(PQKBTitleCode)TC0000820283 035 $a(PQKBWorkID)10863329 035 $a(PQKB)10963396 035 $a(MiAaPQ)EBC1112509 035 $a(Au-PeEL)EBL1112509 035 $a(CaPaEBR)ebr10648244 035 $a(CaONFJC)MIL428213 035 $a(OCoLC)827235426 035 $a(EXLCZ)992670000000330955 100 $a20180706d2005 uy 0 101 0 $aeng 135 $aur|n|---||||| 181 $ctxt 182 $cc 183 $acr 200 10$aProbationary Americans $econtemporary immigration policies and the shaping of Asian American communities /$fEdward J.W. Park and John S.W. Park 210 1$aNew York :$cRoutledge,$d2005. 215 $a1 online resource (153 p.) 300 $aDescription based upon print version of record. 311 $a0-415-94751-0 311 $a0-415-94750-2 320 $aIncludes bibliographical references and index. 327 $apt. 1. Law -- pt. 2. The unwanted -- pt. 3. The highly skilled. 330 $aProbationary Americans examines contemporary immigration rules and how they affect the make-up of immigrant communities. The authors' key argument is that immigration policies place race and class as important criteria for gaining entry to the United States, and in doing so, alter the makeup of America's immigrant communities. 606 $aAsian Americans 607 $aUnited States$xEmigration and immigration$xGovernment policy 615 0$aAsian Americans. 676 $a305.895/073/090511 700 $aPark$b Edward J. W.$01572490 701 $aPark$b John S. W$0761105 801 0$bMiAaPQ 801 1$bMiAaPQ 801 2$bMiAaPQ 906 $aBOOK 912 $a9910786150403321 996 $aProbationary Americans$93847467 997 $aUNINA